ARRUPE JESUIT UNIVERSITY

CORONAVIRUS -STOP THE SPREAD - CLEAN,DISINFECT,COVER

Plays / (Record no. 124590)

MARC details
000 -LEADER
fixed length control field 01295cam a22003491i 4500
001 - CONTROL NUMBER
control field 2564443
003 - CONTROL NUMBER IDENTIFIER
control field ARRUPE
005 - DATE AND TIME OF LATEST TRANSACTION
control field 20160414105355.0
008 - FIXED-LENGTH DATA ELEMENTS--GENERAL INFORMATION
fixed length control field 751124s1974 ruraf b 000 0 eng
010 ## - LIBRARY OF CONGRESS CONTROL NUMBER
LC control number 75329829 //r967
015 ## - NATIONAL BIBLIOGRAPHY NUMBER
National bibliography number USSR***
020 ## - INTERNATIONAL STANDARD BOOK NUMBER
Terms of availability $3.06rub
035 ## - SYSTEM CONTROL NUMBER
System control number (OCoLC)1200840
035 ## - SYSTEM CONTROL NUMBER
System control number (OCoLC)ocm01200840
035 ## - SYSTEM CONTROL NUMBER
System control number (NNC)2564443
040 ## - CATALOGING SOURCE
Original cataloging agency DLC
Transcribing agency DLC
Modifying agency DLC
041 1# - LANGUAGE CODE
Language code of text/sound track or separate title eng
Language code of original and/or intermediate translations of text rus
050 00 - LIBRARY OF CONGRESS CALL NUMBER
Classification number PG3337.O8
Item number A28 1974
082 00 - DEWEY DECIMAL CLASSIFICATION NUMBER
Classification number 891.7/2/3
090 ## - LOCALLY ASSIGNED LC-TYPE CALL NUMBER (OCLC); LOCAL CALL NUMBER (OCLC)
Classification number (OCLC) (R) ; Classification number, CALL (RLIN) (NR) PG3337.O8
Local cutter number (OCLC) ; Book number/undivided call number, CALL (RLIN) A28
300 ## - PHYSICAL DESCRIPTION
Other physical details ill. ;
Dimensions 18 cm.
100 1# - MAIN ENTRY--PERSONAL NAME
Personal name Ostrovsky, Aleksandr Nikolaevich,
Dates associated with a name 1823-1886.
9 (RLIN) 23731
240 10 - UNIFORM TITLE
Uniform title <a href="Works.">Works.</a>
Form subheading Selections.
Language of a work English.
Date of a work 1974
245 10 - TITLE STATEMENT
Title Plays /
Statement of responsibility, etc Alexander Ostrovsky ; introd., translation, notes and bibliography by Margaret Wettlin ; engravings by Andrei Goncharov.
260 ## - PUBLICATION, DISTRIBUTION, ETC. (IMPRINT)
Place of publication, distribution, etc Moscow :
Name of publisher, distributor, etc Progress Publishers,
Date of publication, distribution, etc 1974.
300 ## - PHYSICAL DESCRIPTION
Extent 484, [1] p., [1] leaf of plates :
500 ## - GENERAL NOTE
General note Translated selections from Polnoe sobranie sochineniĭ.
504 ## - BIBLIOGRAPHY, ETC. NOTE
Bibliography, etc Bibliography: p. 483-[485].
505 0# - FORMATTED CONTENTS NOTE
Formatted contents note Alexander Ostorvsky [sic] and the Russian theatre before Stanislavsky.--Poverty is no crime.--The storm.--Even the wise can err.--More sinned against than sinning.
700 1# - ADDED ENTRY--PERSONAL NAME
Personal name Wettlin, Margaret,
Dates associated with a name 1907-
9 (RLIN) 23732
Relator term tr.
942 ## - ADDED ENTRY ELEMENTS (KOHA)
Source of classification or shelving scheme Library of Congress Classification
Koha item type Monograph ( Printed materials)
Holdings
Withdrawn status Lost status Source of classification or shelving scheme Damaged status Not for loan Collection code Home library Current library Shelving location Date acquired Total Checkouts Full call number Barcode Date last seen Price effective from Koha item type
    Library of Congress Classification     Main Collection ARRUPE LIBRARY ARRUPE LIBRARY Main Collection 13/04/2016   PG3337.O8 A28 1974 46500006967 04/04/2019 13/04/2016 Monograph ( Printed materials)

 

Arrupe Library. PO Box MP320 Mt Pleasant, Harare, Zimbabwe
263 242 745411|librarian@aju.ac.zw